Anime Quiz - Statistics

General Stats
  • This quiz has been taken 150 times
  • The average score is 8 of 20
Answer Stats
Hint Answer % Correct
What is the strongest class of hero in One Punch Man? S-Class
95%
In Demon Slayer, what is one of the 2 ways to kill a demon? Sunlight/Nichirin Blade
66%
In My Hero Academia, what is the name of Bakugo’s Quirk? Explosion
63%
What is the name of L’s successor in Death Note? Near
60%
What is the name of the protagonist in Cowboy Bebop? Spike Spiegel
52%
In Attack on Titan, who was the first character revealed to be a Titan shifter? Annie Leonhart
49%
In One Piece, what is the name of the scientist who discovered the secrets of Devil Fruits? Dr. Vegapunk
45%
In JoJo’s Bizarre Adventure, what is Jotaro Kujo’s Stand called? Star Platinum
45%
Who kills Thorfinn’s father, Thors? Askeladd
34%
What is the Chainsaw Devil’s true name in Chainsaw Man? Pochita
34%
In Bleach, what is the name of Ichigo Kurosaki’s Zanpakutō? Zangetsu
30%
In Neon Genesis Evangelion, what are the giant creatures attacking humanity called? Angels
29%
In Naruto, what is the name of the technique used to resurrect the dead? Edo Tensei
25%
In Re:Zero, what ability allows Subaru to return to a previous point after dying? Return by Death
25%
What is Satoru Gojo’s Domain Expansion called in Jujutsu Kaisen? Unlimited Void
25%
What is the name of the ghoul organization that Kaneki joins, that is also a cafe? Anteiku
21%
In Hunter x Hunter, who is Spider #2 in the Phantom Troupe? Feitan Portor
21%
In Parasyte, what is the name of the parasite inside Shinichi? Migi
19%
What is the major invention Senku recreates in the Stone World, which he names "Dr. Stone"? Soap
12%
What is the name of the gang that Toman forms an alliance with during the Bloody Halloween? Valhalla
8%
No matching quizzes found
Score Distribution
Percent of People with Each Score
Percentile by Number Answered
Your Score History
You have not taken this quiz